| 000 | 01326nam a2200265 a 4500 | ||
|---|---|---|---|
| 003 | DO-SdBNP | ||
| 005 | 20250721130658.0 | ||
| 007 | ta | ||
| 008 | 221110e2022 dr ad||gr|||| 001 edspa d | ||
| 040 |
_aDO-SdBNP _bspa _cBNPHU |
||
| 082 | 4 |
_222 _bM766g |
|
| 100 | 1 |
_aMontás, Juan Temístocles _d1950- _979676 |
|
| 245 |
_aLos grandes vientos : _bo cómo las megatendencias de estos tiempos determinan hacia dónde vamos ..., si es que vamos / _cJuan Temístocles Montás. |
||
| 260 |
_aSanto Domingo : _bAlfa & Omega, _c2022 |
||
| 300 |
_a263 p. : _bil., gráf. ; _c23 cm. |
||
| 500 | _aIncluye datos biográficos del autor en la solapa de la cubierta. | ||
| 504 | _aBibliografía: p. 255 - 263 | ||
| 505 |
_t1. Introducción. _t2. Demografía.-- _t3. Lo urbano como megatendencia.-- _t4. Clase media como megatendencia: caracterización y desafíos de política en República Dominicana.-- _t5. El Centro de gravedad del mundo se mueve hacia el este.- _t6. La gran transformación tecnológica.-- _t7. El cambio climático como megatendencia.-- _t8. La problemática de los recursos naturales.-- _tBibliografía. |
||
| 590 | _aInventariado 2022 / MF | ||
| 650 | 7 |
_aDemografía _945443 |
|
| 650 | 4 |
_932618 _aAsentamientos urbanos. |
|
| 650 | 7 |
_aCiudades y pueblos _932619 _zAmérica Latina |
|
| 910 | _aMFeliz | ||
| 942 |
_2ddc _cLBS1 |
||
| 999 |
_c52866 _d52866 |
||